000 01354cam a2200361 i 4500
001 694
003 Mx-PuUPA
005 20260227081206.0
008 140415s2012 sp a gr 000 0 spa d
017 _aB. 20.621-2012
020 _a9788408008583
040 _cMx-PuUPA
_aMx-PuUPA
_bspa
_dMx-PuUPA
_erda
041 1 _aspa
_heng
100 1 _aGould, Stephen Jay,
_d1941-
_9765
_eautor
240 1 0 _aRocks of Ages. Science and Religion in the Fullness of life.
_lEspañol
245 1 0 _aCiencia versus religión :
_bun falso conflicto /
_cStephen Jay Gould, traducción de Joandomènec Ros
250 _aPrimera edición /
_ben Colección Booket, septiembre
264 1 _aBarcelona, España :
_bEditorial Planeta : Crítica,
_c2012
300 _a232 páginas ;
_c19 cm
336 _2rdacontent
_atexto
_btxt
337 _2rdamedia
_asin medio
_bn
338 _2rdacarrier
_avolumen
_bnc
490 0 _aCiencia
490 0 _aColección Booket ;
_v16
650 7 _913986
_2armarc
_aReligión y ciencia
650 7 _2armarc
_aCiencia
_xAspectos religiosos
650 7 _2armarc
_aEvolución y religión
700 1 _aRos, Joandomènec,
_etraductor
765 0 _aGould, Stephen Jay, 1941-
_tRock of ages. Science and religion in the fullmesss of life
942 _2ddc
_cLI
_h201.65
_iG6818
999 _c694
_d694